Movies Quiz

Random Movies or Animation Quiz

► Find the Pixar Antagonists Quiz Stats

 Plays Quiz not verified by Sporcle

Score 0/28 Timer 06:00
4 Plays Today
% Correct
Big Baby
94.3%
The Witch
93.1%
Emperor Zurg
91.3%
Sid
Phillips
89%
Syndrome
87.6%
P.T. Flea
87.4%
Hopper
86.2%
Lotso
85.5%
Stinky Pete
84%
Randall Boggs
83%
Ken Carson
81.5%
Bruce
77.6%
Charles
Muntz
72.3%
Henry Waternoose
71.7%
% Correct
Al McWhiggin
70.7%
Omnidroid v.10
68.8%
AUTO
67.1%
Gilbert
Huph
65.9%
Chick Hicks
64.3%
Anton
Ego
63.5%
Thunderclap
58.8%
Johnny
Worthington
III
55.3%
Fungus
52.1%
Francesco Bernoulli
49.4%
Skinner
44.5%
Not Chuck
43.5%
Frank
40.1%
Chet Alexander
37.7%

You're not logged in!

Compare scores with friends on all Sporcle quizzes.
OR
Log In

Sporcle TV

Today on Sporcle TV


Watch our educational content, quiz creation guides, and fun videos on Sporcle TV.

Show Comments

Extras

Top Quizzes Today


Score Distribution

Your Account Isn't Verified!

In order to create a playlist on Sporcle, you need to verify the email address you used during registration. Go to your Sporcle Settings to finish the process.

Report this User

Report this user for behavior that violates our Community Guidelines.

Details: